Vyšegrad opis historicko-topografický

Opis hradu Visegrád

Bibliographic Details
Main Author: Viktorin, Jozef Karol, 1822-1874 (Author)
Format: Manuscript Book
Language:Slavic languages
PhysicalDescription:12 strán v rôznom stránkovaní rukopis, voľné listy 34 cm
Vydané aj v tlačenej forme v almanachu Concordia r. 1858
Published: [Dokument vznikol v Maďarsku] [1858?]
Subjects:

MARC

LEADER 00000ntmaa2200000 a 4500
001 vtls011918760
003 SK-MaSNL
005 20260301225355.0
008 251021s1858 hu || 000 1 sla
035 |a urn:nbn:sk:snk-tm00gp81 
035 |a 8D63805C-6F37-4E50-96D0-FAFC1AA74E73 
040 |a SNKLA  |b slo  |c SNKLA  |e AACR2 
041 0 |a sla 
044 |a hu  |c HU 
072 7 |a 911  |x Všeobecná geografia. Systematická geografia  |2 konspekt 
080 |a 025.171  |2 2011 
080 |a 911.3:908  |2 2011 
080 |a (048.8)  |2 2011 
100 1 |a Viktorin, Jozef Karol,  |d 1822-1874  |4 aut  |9 115663 
245 1 0 |a Vyšegrad  |b opis historicko-topografický  |c J. K. Viktorin 
260 |a [Dokument vznikol v Maďarsku]  |c [1858?] 
300 |a 12 strán v rôznom stránkovaní  |b rukopis, voľné listy  |c 34 cm 
520 2 |a Opis hradu Visegrád 
530 |a Vydané aj v tlačenej forme v almanachu Concordia r. 1858 
546 |a Napísané kollárovskou staroslovenčinou 
555 0 |a Inventár rukopisov Literárneho archívu Matice slovenskej VI. Archív Slovenského národného múzea. Fondy M 51 - 120. Martin : Matica slovenská 1977 
561 |a Okrúhla pečiatka: Matica slovenská Martin Archív literatúry a umenia 
610 2 7 |a Visegrád (Maďarsko : hrad)  |2 SNKKA  |9 220344 
650 0 7 |a historický miestopis  |2 SNKPH  |9 236413 
655 7 |a rukopisy  |2 SNKPH  |9 70548 
655 7 |a štúdie  |2 SNKPH  |9 57033 
852 |a Slovenská národná knižnica  |b Literárny archív 
958 |a MOF 
958 |a LAVD 
999 |c 950650  |d 952580 
952 |a SNKLA  |b SNKLA  |c SNKLA_DEP  |y NEVYP  |7 0  |p 17A1229113  |o snkM 112 A 9  |0 0  |1 0  |4 0  |d 2020-02-19  |f 1  |l 0  |r 2026-02-24 09:47:10  |w 2026-02-24